[Event "LTU-chT 2019"]
[Site "Lithuania"]
[Date "2019.01.27"]
[Round "2"]
[White "Juksta, Karolis"]
[Black "Martinkus, Rolandas"]
[Result "1-0"]
[WhiteElo "2285"]
[BlackElo "2185"]
[Annotator "ChessBase"]
[PlyCount "151"]
[EventDate "2019.01.26"]
[EventType "team-tourn"]
[EventCountry "LTU"]
[SourceTitle "playchess.com"]
[Source "ChessBase"]
[SourceQuality "1"]
[TimeControl "40/5400+30:1800+30"]

1. d4 {[%emt 0:00:00]} Nf6 {[%emt 0:00:00]} 2. c4 {[%emt 0:00:00]} e6 {[%emt 0:00:00]} 3. Nc3 {[%emt 0:00:00]} d5 {[%emt 0:00:05]} 4. cxd5 {[%emt 0:01:46]} exd5 {[%emt 0:00:11]} 5. Bg5 {[%emt 0:00:05]} Bb4 {[%emt 0:00:10]} 6. a3 {[%emt 0:01:16]} Bxc3+ {[%emt 0:03:25]} 7. bxc3 {[%emt 0:00:02]} c6 {[%emt 0:00:28]} 8. e3 {[%emt 0:00:19]} Qa5 {[%emt 0:00:49]} 9. Ne2 {[%emt 0:03:53]} Ne4 {[%emt 0:00:52]} 10. Bf4 {[%emt 0:03:36]} b6 {[%emt 0:02:51]} 11. Qb3 {[%emt 0:04:57]} Ba6 {[%emt 0:01:26]} 12. Qb4 {[%emt 0:07:12]} Qxb4 {[%emt 0:00:52]} 13. cxb4 {[%emt 0:00:14]} Bc4 {[%emt 0:00:24]} 14. f3 {[%emt 0:00:37]} Nf6 {[%emt 0:00:36]} 15. g4 {[%emt 0:00:45]} Nfd7 {[%emt 0:01:23]} 16. Bg2 {[%emt 0:02:07]} b5 {[%emt 0:02:56]} 17. Nc3 {[%emt 0:21:28]} a5 {[%emt 0:05:35]} 18. Kd2 {[%emt 0:06:32]} Ke7 {[%emt 0:05:43]} 19. e4 {[%emt 0:01:15]} Nf8 {[%emt 0:05:05]} 20. Be3 {[%emt 0:10:09]} Ne6 {[%emt 0:01:38]} 21. Rhe1 {[%emt 0:03:29]} Rd8 {[%emt 0:02:03]} 22. e5 {[%emt 0:05:06]} Rd7 {[%emt 0:01:12]} 23. f4 {[%emt 0:00:24]} Rda7 {[%emt 0:00:39]} 24. Rac1 {[%emt 0:05:54]} axb4 {[%emt 0:06:43]} 25. axb4 {[%emt 0:00:01]} Nd7 {[%emt 0:01:35]} 26. f5 {[%emt 0:04:46]} Nef8 {[%emt 0:00:24]} 27. h4 {[%emt 0:07:18]} Nb6 {[%emt 0:01:16]} 28. Bh3 {[%emt 0:00:02]} Ke8 {[%emt 0:04:40]} 29. h5 {[%emt 0:02:03]} Na4 {[%emt 0:01:48]} 30. Nd1 {[%emt 0:05:29]} Nb6 {[%emt 0:05:45]} 31. Nc3 {[%emt 0:00:01]} Ra3 {[%emt 0:01:46]} 32. h6 {[%emt 0:01:14]} gxh6 {[%emt 0:00:57]} 33. Bxh6 {[%emt 0:00:02]} Na4 {[%emt 0:01:55]} 34. Re3 {[%emt 0:00:01]} Nxc3 {[%emt 0:07:37]} 35. Rcxc3 {[%emt 0:02:17]} R3a4 {[%emt 0:00:20]} 36. e6 {[%emt 0:01:12]} fxe6 {[%emt 0:00:49]} 37. fxe6 {[%emt 0:01:44]} Rxb4 {[%emt 0:02:48]} 38. g5 {[%emt 0:00:11]} Ng6 {[%emt 0:01:01]} 39. Bf5 {[%emt 0:00:45]} Rb2+ {[%emt 0:01:14]} 40. Rc2 {[%emt 0:00:49]} Rxc2+ {[%emt 0:01:25]} 41. Bxc2 {[%emt 0:02:32]} b4 {[%emt 0:01:03]} 42. Rf3 {[%emt 0:09:24]} Ra1 {[%emt 0:02:54]} 43. Bg7 {[%emt 0:11:15]} Rh1 {[%emt 0:09:04]} 44. Bf6 {[%emt 0:05:47]} Rh2+ {[%emt 0:01:24]} 45. Kc1 {[%emt 0:00:06]} Re2 {[%emt 0:08:18]} 46. e7 {[%emt 0:02:38]} b3 {[%emt 0:12:47]} 47. Bxb3 {[%emt 0:01:53]} Bxb3 {[%emt 0:01:52]} 48. Rxb3 {[%emt 0:00:01]} Kf7 {[%emt 0:00:52]} 49. Rb8 {[%emt 0:01:19]} Nxe7 {[%emt 0:03:37]} 50. Rh8 {[%emt 0:00:07]} Nf5 {[%emt 0:09:40]} 51. Rxh7+ {[%emt 0:00:02]} Kg6 {[%emt 0:00:14]} 52. Rc7 {[%emt 0:00:44]} Re6 {[%emt 0:00:23]} 53. Rc8 {[%emt 0:00:55]} Nh4 {[%emt 0:02:05]} 54. Kd2 {[%emt 0:00:42]} Kf5 {[%emt 0:03:02]} 55. Kd3 {[%emt 0:00:15]} Ng6 {[%emt 0:02:31]} 56. Rc7 {[%emt 0:00:34]} Nf4+ {[%emt 0:00:42]} 57. Kc3 {[%emt 0:00:38]} Ke4 {[%emt 0:01:42]} 58. Kb4 {[%emt 0:00:15]} Nh5 {[%emt 0:02:38]} 59. Be5 {[%emt 0:00:24]} Nf4 {[%emt 0:01:28]} 60. Bxf4 {[%emt 0:00:11]} Kxf4 {[%emt 0:00:09]} 61. Kc5 {[%emt 0:00:07]} Rg6 {[%emt 0:00:56]} 62. Rxc6 {[%emt 0:01:21]} Rxg5 {[%emt 0:00:01]} 63. Rd6 {[%emt 0:00:27]} Rh5 {[%emt 0:01:19]} 64. Rxd5 {[%emt 0:00:16]} Rh8 {[%emt 0:01:25]} 65. Rd7 {[%emt 0:00:37]} Ke4 {[%emt 0:00:32]} 66. Re7+ {[%emt 0:00:07]} Kf5 {[%emt 0:00:06]} 67. d5 {[%emt 0:00:06]} Kf6 {[%emt 0:00:45]} 68. d6 {[%emt 0:00:51]} Rh1 {[%emt 0:00:57]} 69. Kc6 {[%emt 0:00:10]} Rc1+ {[%emt 0:00:25]} 70. Kb7 {[%emt 0:00:53]} Rd1 {[%emt 0:00:48]} 71. Kc7 {[%emt 0:00:00]} Rc1+ {[%emt 0:00:11]} 72. Kd8 {[%emt 0:00:26]} Ra1 {[%emt 0:00:23]} 73. Re2 {[%emt 0:00:28]} Ra8+ {[%emt 0:00:38]} 74. Kc7 {[%emt 0:00:01]} Ra7+ {[%emt 0:00:21]} 75. Kb6 {[%emt 0:00:03]} Ra1 {[%emt 0:00:14]} 76. d7 {[%emt 0:00:12]} 1-0

[Event "LTU-chT 2019"]
[Site "Lithuania"]
[Date "2019.01.27"]
[Round "2"]
[White "Mickevicius, Juras"]
[Black "Tvarijonas, Tomas"]
[Result "1-0"]
[WhiteElo "2273"]
[BlackElo "2248"]
[Annotator "NA"]
[PlyCount "77"]
[EventDate "2019.01.26"]
[EventType "team-tourn"]
[EventCountry "LTU"]
[SourceTitle "playchess.com"]
[Source "ChessBase"]
[SourceQuality "1"]
[TimeControl "40/5400+30:1800+30"]

{[%evp 9,74,11,27,16,37,27,31,25,51,0,8,0,14,11,14,2,31,17,41,32767,32767,32767,45,45,84,80,110,113,162,187,203,210,223,213,32767,32767,32767,212,32767,189,307,312,321,32767,32767,32767,32767,465,32767,310,470,32767,32767,32767,32767,32767,32767,675,32767,825,32767,765,790,843,788,1111,963]} 1. d4 {[%emt 0:00:00]} d5 {[%emt 0:00:00]} 2. c4 {[%emt 0:00:00]} c6 {[%emt 0:00:00]} 3. Nf3 {[%emt 0:00:00]} Nf6 {[%emt 0:00:00]} 4. e3 {[%emt 0:00:00]} e6 {[%emt 0:00:00]} 5. b3 {[%emt 0:00:18]} Nbd7 {[%emt 0:00:00] D30: Queen's Gambit Declined: Systems without Nc3} 6. Bb2 {[%emt 0:00:49]} Ne4 {[%emt 0:05:15]} 7. Bd3 {[%emt 0:00:42]} f5 {[%emt 0:01:33]} 8. O-O {[%emt 0:00:17]} Bd6 {[%emt 0:00:47]} 9. Ba3 {[%emt 0:01:06]} Bxa3 {[%emt 0:04:49] LiveBook: 8 Games} 10. Nxa3 {[%emt 0:00:15]} Qe7 {[%emt 0:00:06]} 11. Qc1 {[%emt 0:04:40]} O-O {[%emt 0:01:41]} 12. Qb2 {[%emt 0:04:04]} a6 $146 {[%emt 0:08:31]} ({Predecessor:} 12... b6 13. Rac1 Bb7 14. Rfd1 Rf6 15. Nb1 Rh6 16. Nbd2 g5 {0-1 (34) Khademalsharieh,S (2431)-Sumets,A (2575) Cap d'Agde 2018}) 13. Nc2 {[%emt 0:03:10]} b5 {[%emt 0:07:58]} 14. cxd5 {[%emt 0:14:46]} cxd5 {[%emt 0:05:29]} 15. a4 {[%emt 0:09:02]} b4 {[%emt 0:11:42]} 16. a5 {[%emt 0:00:09]} Qd6 {[%emt 0:02:17]} 17. Ne5 {[%emt 0:07:58]} Rb8 {[%emt 0:08:22]} 18. Rfc1 {[%emt 0:02:09]} Rb7 {[%emt 0:13:38]} 19. f3 {[%emt 0:06:52]} Nef6 {[%emt 0:00:45]} 20. Ne1 {[%emt 0:00:45]} Nb8 {[%emt 0:00:29]} 21. Bf1 {[%emt 0:00:45]} Nfd7 {[%emt 0:09:05]} 22. N1d3 {[%emt 0:00:39]} Nxe5 {[%emt 0:01:34]} 23. Nxe5 {[%emt 0:03:28]} ({Resist} 23. dxe5 $6 Qe7 $16) 23... Bd7 {[%emt 0:03:32]} 24. Rc5 {[%emt 0:01:23]} Bb5 {[%emt 0:05:24]} (24... Rc8 {was worth a try.}) 25. Bxb5 {[%emt 0:08:02]} Rxb5 {[%emt 0:00:02]} 26. Rxb5 {[%emt 0:01:57]} axb5 {[%emt 0:00:02]} 27. Qc2 {[%emt 0:01:22]} Qa6 {[%emt 0:03:54]} 28. Qc5 {[%emt 0:00:48]} Rc8 {[%emt 0:00:13]} 29. Qxb4 {[%emt 0:00:23]} (29. Qe7 $142) 29... h6 {[%emt 0:02:24]} (29... Rc7 {was worth a try.} 30. Nd3 Kf7) 30. h4 {[%emt 0:02:06]} Rc2 {[%emt 0:02:38]} 31. h5 {[%emt 0:03:48]} Nc6 {[%emt 0:01:55]} 32. Qd6 {[%emt 0:00:15]} Qc8 {[%emt 0:00:02]} 33. Ng6 {[%emt 0:02:17]} Kh7 {[%emt 0:01:01]} 34. Nf8+ {[%emt 0:02:09]} Kh8 {[%emt 0:00:28]} 35. Nxe6 {[%emt 0:00:14]} Na7 {[%emt 0:00:58]} 36. Qe7 {[%emt 0:00:44]} Qg8 {[%emt 0:00:41]} 37. Nf8 {[%emt 0:01:10]} Nc6 $18 {[%emt 0:00:25]} 38. Ng6+ {[%emt 0:00:04]} Kh7 {[%emt 0:00:02]} 39. Qd7 {[%emt 0:00:11]} 1-0

[Event "LTU-chT 2019"]
[Site "Lithuania"]
[Date "2019.01.27"]
[Round "2"]
[White "Steponavicius, Stasys"]
[Black "Zickus, Simonas"]
[Result "1/2-1/2"]
[WhiteElo "2194"]
[BlackElo "2330"]
[Annotator "ChessBase"]
[PlyCount "56"]
[EventDate "2019.01.26"]
[EventType "team-tourn"]
[EventCountry "LTU"]
[SourceTitle "playchess.com"]
[Source "ChessBase"]
[SourceQuality "1"]
[TimeControl "40/5400+30:1800+30"]

1. d4 {[%emt 0:00:00]} d5 {[%emt 0:00:00]} 2. c4 {[%emt 0:00:00]} dxc4 {[%emt 0:00:00]} 3. e3 {[%emt 0:00:23]} e5 {[%emt 0:01:27]} 4. Bxc4 {[%emt 0:00:56]} exd4 {[%emt 0:00:05]} 5. exd4 {[%emt 0:00:07]} Nf6 {[%emt 0:00:38]} 6. Qb3 {[%emt 0:01:46]} Qe7+ {[%emt 0:08:37]} 7. Ne2 {[%emt 0:00:13]} Qb4+ {[%emt 0:21:47]} 8. Nbc3 {[%emt 0:00:45]} Qxb3 {[%emt 0:00:05]} 9. axb3 {[%emt 0:00:08]} c6 {[%emt 0:01:11]} 10. Bf4 {[%emt 0:07:35]} b5 {[%emt 0:12:43]} 11. Bd3 {[%emt 0:02:30]} Be6 {[%emt 0:09:14]} 12. O-O {[%emt 0:09:43]} Bb4 {[%emt 0:05:28]} 13. Ne4 {[%emt 0:09:07]} a5 {[%emt 0:04:12]} 14. Nxf6+ {[%emt 0:03:32]} gxf6 {[%emt 0:00:01]} 15. Be4 {[%emt 0:00:25]} Bxb3 {[%emt 0:12:23]} 16. Bxb8 {[%emt 0:12:30]} Rxb8 {[%emt 0:00:02]} 17. Bxc6+ {[%emt 0:00:15]} Ke7 {[%emt 0:00:35]} 18. Ng3 {[%emt 0:09:28]} Rhd8 {[%emt 0:03:24]} 19. Be4 {[%emt 0:05:02]} Kf8 {[%emt 0:03:54]} 20. Nf5 {[%emt 0:01:06]} a4 {[%emt 0:03:27]} 21. Rfc1 {[%emt 0:03:39]} Rdc8 {[%emt 0:04:46]} 22. Bd3 {[%emt 0:02:41]} Bd2 {[%emt 0:00:44]} 23. Rxc8+ {[%emt 0:26:24]} Rxc8 {[%emt 0:00:00]} 24. Bxb5 {[%emt 0:00:11]} Bc1 {[%emt 0:05:23]} 25. Rb1 {[%emt 0:01:21]} Ba2 {[%emt 0:01:30]} 26. Ra1 {[%emt 0:01:01]} Bb3 {[%emt 0:00:02]} 27. Rb1 {[%emt 0:00:08]} Ba2 {[%emt 0:00:03]} 28. Ra1 {[%emt 0:00:23]} Bb3 {[%emt 0:01:38]} 1/2-1/2

[Event "LTU-chT 2019"]
[Site "Lithuania"]
[Date "2019.01.27"]
[Round "2"]
[White "Stremavicius, Pijus"]
[Black "Viskelis, Darius"]
[Result "1/2-1/2"]
[WhiteElo "2082"]
[BlackElo "2242"]
[Annotator "NA"]
[PlyCount "146"]
[EventDate "2019.01.26"]
[EventType "team-tourn"]
[EventCountry "LTU"]
[SourceTitle "playchess.com"]
[Source "ChessBase"]
[SourceQuality "1"]
[TimeControl "40/5400+30:1800+30"]

{[%evp 8,131,16,21,21,0,10,13,4,-1,56,56,59,38,57,52,39,14,26,0,11,32767,32767,-6,8,32767,32767,32767,0,0,0,0,0,-13,0,32767,-19,-19,-14,-68,0,-49,-41,-83,32767,32767,32767,-80,-33,32767,-31,32767,-27,-35,32767,32767,32767,32767,0,-12,-14,-52,32767,0,32767,0,0,32767,0,32767,77,72,110,106,32767,81,32767,113,112,113,283,256,233,111,105,112,104,102,112,109,107,78,180,32767,32767,32767,32767,32767,538,32767,32767,32767,462,32767,32767,0,766,212,194,32767,139,32767,32767,32767,32767,103,124,108,122,102,32767,105,32767,32767,74,8]} 1. d4 Nf6 2. c4 e6 3. Nf3 d5 4. g3 a6 5. Bg2 dxc4 6. Ne5 Bb4+ {LiveBook: 101 Games E04: Open Catalan: 5 Nf3} (6... c5 7. Be3 Nd5 8. Nc3 Nxe3 9. fxe3 Nd7 10. Nxc4 Be7 11. dxc5 Bxc5 12. Nd6+ Bxd6 13. Qxd6 Qe7 14. Qd4 Nf6 15. O-O O-O {½-½ (64) Onischuk,A (2681)-Bruzon Batista,L (2673) Saint Louis 2018}) 7. Nc3 Nd5 8. Bd2 O-O (8... Nb6 $11) 9. Nxc4 Nc6 10. O-O $146 ({Predecessor:} 10. a3 Be7 11. e4 Nxc3 12. Bxc3 b5 13. Ne3 Bb7 14. d5 exd5 15. exd5 {1-0 (26) Cosma,E (2370)-Baciu,D (2127) Eforie Nord 2010}) 10... Nxd4 11. Nxd5 Bxd2 12. Qxd2 exd5 13. Qxd4 dxc4 14. Qxc4 Qe7 15. Qe4 Qf6 16. Qb4 a5 17. Qa3 c6 18. Rac1 Re8 19. e3 h5 20. h4 Bg4 21. Qb3 Qe7 22. a3 Red8 23. Qb6 a4 ({Black should play} 23... Rd2 $15) 24. f3 Be6 25. Qc5 Qc7 26. f4 Ra5 27. Qc3 (27. Qb4 $11 {keeps the balance.}) 27... Bg4 (27... Rb5 $17 28. Rcd1 Bg4) 28. Qb4 Rd3 29. Rc3 Rxc3 30. bxc3 Ra8 31. Rb1 b5 32. Qc5 Re8 33. Kf2 Qd7 34. Qd4 Qe7 35. Bxc6 Qxa3 36. Qb4 Qxb4 37. Rxb4 Rc8 38. Bxb5 Rxc3 (38... a3 $11) 39. Bxa4 Ra3 40. Bb3 Ra7 41. e4 Rc7 42. f5 Kf8 43. Ke3 Rc3+ $2 (43... f6 $16 44. Rb8+ Ke7) 44. Kd4 Rc7 45. Bc4 $2 (45. Rb8+ $18 Ke7 46. Rg8) 45... Ke7 46. Ke5 Ra7 47. Bd5 Rc7 48. Kf4 f6 49. e5 Ra7 (49... Rc5 $16 50. Rb7+ Kd8) 50. e6 Kd6 51. Be4 Bh3 52. Rb6+ Ke7 $1 53. Rb8 (53. Rb7+ Rxb7 54. Bxb7) 53... Bg4 54. Bc6 (54. Rb7+ $18 Rxb7 55. Bxb7) 54... Kd6 $2 (54... Be2 55. Re8+ Kd6) 55. Be4 Ke7 56. Rb6 $2 Bh3 57. Ke3 $2 Ra3+ 58. Kd4 Ra4+ 59. Kd3 Ra3+ 60. Kc2 Ra7 61. Kb3 (61. Rb5 $18) 61... g6 62. fxg6 Bxe6+ 63. Kb4 f5 64. Bf3 Ra1 65. Kc5 Rg1 {[#]} 66. Bxh5 $11 ({White should try} 66. Kd4 $1 $16 {[%cal Rd4e5]} Kf6 67. Bb7 (67. Bxh5 Rxg3 68. Bd1 Rxg6 $11) 67... Rxg3 68. Bd5 Rg4+ 69. Kc5) 66... Rxg3 67. Be2 Rxg6 68. Bc4 f4 69. Kd4 f3 70. Rxe6+ Rxe6 71. Bxe6 Kxe6 72. Ke3 Kf5 73. Kxf3 Kg6 1/2-1/2

[Event "LTU-chT 2019"]
[Site "Lithuania"]
[Date "2019.01.27"]
[Round "2"]
[White "Babrauskas, Darius"]
[Black "Boyajyan, David"]
[Result "1/2-1/2"]
[WhiteElo "2019"]
[BlackElo "1890"]
[Annotator "NA"]
[PlyCount "112"]
[EventDate "2019.01.26"]
[EventType "team-tourn"]
[EventCountry "LTU"]
[SourceTitle "playchess.com"]
[Source "ChessBase"]
[SourceQuality "1"]
[TimeControl "40/5400+30:1800+30"]

1. e4 {[%emt 0:00:00]} e6 {[%emt 0:00:00]} 2. d4 {[%emt 0:00:00]} d5 {[%emt 0:00:00]} 3. Nc3 {[%emt 0:00:29]} Nf6 {[%emt 0:00:00]} 4. Bg5 {[%emt 0:01:11]} Be7 {[%emt 0:00:00]} 5. e5 {[%emt 0:00:32]} Nfd7 {[%emt 0:00:04]} 6. h4 {[%emt 0:00:58]} Nc6 {[%emt 0:00:08] C14: French: Classical System: 4 Bg5 Be7 main line} (6... h6 7. Bxe7 Qxe7 8. Qg4 O-O 9. f4 a6 10. Nf3 c5 11. O-O-O Nc6 12. Rh3 cxd4 13. Nxd4 Nxd4 14. Rxd4 f6 15. exf6 Qxf6 16. Qd1 {½-½ (61) Amonatov,F (2614)-Levin,E (2516) St Petersburg 2018}) 7. Nh3 {[%emt 0:07:59]} h6 {[%emt 0:00:25]} 8. Bxe7 {[%emt 0:00:19] LiveBook: 3 Games} ({Better is} 8. Be3 $14) 8... Qxe7 {[%emt 0:00:01]} 9. Qg4 {[%emt 0:04:44]} g6 {[%emt 0:05:13]} (9... O-O $11) 10. O-O-O {[%emt 0:01:35]} Nb6 {[%emt 0:00:55]} 11. Bb5 $146 {[%emt 0:03:11]} ({Predecessor:} 11. h5 $16 g5 12. f4 gxf4 13. Qg7 Qf8 14. Qf6 {0-1 (29) Novoselski,Z (2418)-Jeremic,V (2509) Vrnjacka Banja 2010}) 11... Bd7 {[%emt 0:01:46]} 12. h5 {[%emt 0:00:47]} gxh5 {[%emt 0:06:01]} 13. Qxh5 {[%emt 0:01:38]} O-O-O {[%emt 0:00:37]} 14. g3 {[%emt 0:06:44]} a6 {[%emt 0:03:06]} 15. Be2 {[%emt 0:04:14]} Na5 {[%emt 0:01:19]} 16. Qf3 {[%emt 0:05:56]} (16. Nf4 $14) 16... Nac4 {[%emt 0:16:30]} 17. Nf4 {[%emt 0:07:41]} c5 {[%emt 0:09:45]} 18. dxc5 {[%emt 0:10:49]} Qxc5 {[%emt 0:02:40]} 19. Nd3 {[%emt 0:01:19]} (19. Bxc4 $1 $14 Nxc4 20. Nd3) 19... Qc7 {[%emt 0:02:33]} 20. Qf4 {[%emt 0:00:52]} Kb8 {[%emt 0:03:46]} 21. Kb1 {[%emt 0:07:10]} d4 {[%emt 0:04:32]} (21... Nxb2 $17 22. Nxb2 (22. Kxb2 $2 Rc8 $19) 22... Qxc3) 22. Ne4 {[%emt 0:01:27]} Nd5 {[%emt 0:01:39]} 23. Qxf7 {[%emt 0:04:32]} Nxe5 {[%emt 0:02:56]} 24. Qg7 {[%emt 0:04:29]} Nxd3 {[%emt 0:06:26]} 25. Bxd3 {[%emt 0:00:25]} e5 {[%emt 0:06:21]} 26. Rxh6 {[%emt 0:01:59]} Rxh6 {[%emt 0:00:58]} 27. Qxh6 {[%emt 0:00:04]} Bg4 {[%emt 0:00:39]} (27... Nb4 $14) 28. Re1 {[%emt 0:01:35]} Qa5 {[%emt 0:01:15]} (28... Nb4 $16) 29. Qd2 {[%emt 0:00:41]} Qb6 {[%emt 0:01:00]} 30. Ka1 {[%emt 0:01:20]} (30. Qg5 $18 {has better winning chances.}) 30... Rc8 {[%emt 0:02:11] [#]} 31. Qg5 $2 {[%emt 0:02:00]} ({Only move:} 31. a3 $1 $18) 31... Qe6 {[%emt 0:02:50]} 32. a3 {[%emt 0:05:15]} Rg8 {[%emt 0:01:43]} 33. Qd2 {[%emt 0:01:06]} Qc6 {[%emt 0:01:27]} 34. Qa5 {[%emt 0:03:53]} Rf8 {[%emt 0:02:53]} 35. Qc5 {[%emt 0:02:11]} Qxc5 {[%emt 0:00:25]} 36. Nxc5 {[%emt 0:00:04] Discovered Attack (Double check)} Rxf2 {[%emt 0:00:20]} 37. Rxe5 {[%emt 0:01:08]} Ne3 {[%emt 0:00:36]} 38. Kb1 {[%emt 0:05:21]} Rg2 {[%emt 0:02:29]} 39. Re8+ {[%emt 0:00:42]} Kc7 {[%emt 0:01:16]} 40. b4 {[%emt 0:01:06]} Nd5 {[%emt 0:01:40]} 41. Rg8 {[%emt 0:31:25]} (41. Kb2 $16) 41... Nc3+ {[%emt 0:30:29]} 42. Kb2 {[%emt 0:01:13]} Rg1 {[%emt 0:01:31]} 43. Rg7+ {[%emt 0:00:00]} Kd8 {[%emt 0:00:00]} 44. Nxb7+ {[%emt 0:00:00]} Kc8 {[%emt 0:00:00]} 45. Nd6+ {[%emt 0:00:00]} Kb8 {[%emt 0:00:00]} 46. a4 {[%emt 0:00:00]} Rb1+ $1 {[%emt 0:00:00]} 47. Ka3 {[%emt 0:00:00]} Ra1+ {[%emt 0:00:00]} 48. Kb2 {[%emt 0:00:00]} Rb1+ {[%emt 0:00:00]} 49. Ka3 {[%emt 0:00:00]} Ra1+ {[%emt 0:00:00]} 50. Kb2 {[%emt 0:00:00]} Rb1+ {[%emt 0:00:00]} 51. Ka3 $11 {[%emt 0:00:00]} Ra1+ {[%emt 0:00:00]} 52. Kb3 {[%emt 0:00:00]} Be6+ {[%emt 0:00:00]} 53. Bc4 {[%emt 0:00:00]} Rb1+ {[%emt 0:00:00]} 54. Ka3 {[%emt 0:00:00]} Ra1+ {[%emt 0:00:00]} 55. Kb2 {[%emt 0:00:00]} Rb1+ {[%emt 0:00:00]} 56. Ka3 {[%emt 0:00:00]} Ra1+ {[%emt 0:00:00]} 1/2-1/2

[Event "LTU-chT 2019"]
[Site "Lithuania"]
[Date "2019.01.27"]
[Round "2"]
[White "Vaskevicius, Augustas"]
[Black "Vaznonis, Vytautas"]
[Result "0-1"]
[WhiteElo "1935"]
[BlackElo "2388"]
[Annotator "NA"]
[PlyCount "94"]
[EventDate "2019.01.26"]
[EventType "team-tourn"]
[EventCountry "LTU"]
[SourceTitle "playchess.com"]
[Source "ChessBase"]
[SourceQuality "1"]
[TimeControl "40/5400+30:1800+30"]

{[%evp 8,93,25,18,14,19,18,23,8,-8,0,3,32767,8,21,-22,-7,32767,32767,-33,-41,-38,32767,-49,-63,-69,-57,32767,-27,32767,-38,-24,-24,32767,32767,32767,-110,-114,-105,32767,32767,-122,-120,32767,32767,-116,-132,32767,32767,32767,32767,32767,32767,32767,-200,-278,32767,-210,-192,-237,-296,32767,-274,-298,-223,-269,-425,32767,32767,-486,32767,-395,0,32767,-513,-577,-500,32767,-957,-1081,-531,-470,32767,32767,32767,-476,-547,-554]} 1. Nf3 {[%emt 0:00:00]} d5 {[%emt 0:00:00]} 2. d4 {[%emt 0:00:17]} Nf6 {[%emt 0:00:00]} 3. c4 {[%emt 0:00:38]} c6 {[%emt 0:00:00]} 4. e3 {[%emt 0:00:35]} Bf5 {[%emt 0:00:48]} 5. Bd3 {[%emt 0:04:33]} Bxd3 {[%emt 0:00:41]} 6. Qxd3 {[%emt 0:00:09]} e6 {[%emt 0:01:12] LiveBook: 408 Games D12: Slav Defence: 3 Nf3 Nf6 4 e3 Bf5} 7. Nbd2 {[%emt 0:02:12]} (7. O-O Nbd7 8. Nbd2 a5 9. e4 dxc4 10. Qxc4 Be7 11. b3 O-O 12. Bb2 a4 13. Rab1 axb3 14. axb3 Ra2 15. Qc2 c5 {½-½ (62) Grachev,B (2645)-Artemiev,V (2696) Sochi 2017}) 7... c5 {[%emt 0:10:02]} 8. cxd5 $146 {[%emt 0:11:08]} ({Predecessor:} 8. dxc5 Bxc5 9. a3 O-O 10. b4 Be7 11. Bb2 Nbd7 12. O-O a5 13. Bc3 axb4 14. axb4 {0-1 (26) Hoeglauer,P (2114)-Schuster,K (2285) Bad Wiessee 2015}) 8... Qxd5 {[%emt 0:03:51]} 9. O-O {[%emt 0:11:54]} cxd4 {[%emt 0:14:58]} 10. e4 {[%emt 0:12:26]} Qd7 {[%emt 0:04:49]} 11. Qxd4 {[%emt 0:03:17]} Nc6 {[%emt 0:00:57]} 12. Qxd7+ {[%emt 0:00:30]} Nxd7 {[%emt 0:00:06]} 13. Nc4 {[%emt 0:04:52]} Nc5 {[%emt 0:14:04]} 14. e5 {[%emt 0:03:34]} O-O-O {[%emt 0:03:41]} 15. Bg5 {[%emt 0:04:39]} Rd5 {[%emt 0:04:00]} 16. Rfd1 {[%emt 0:09:21]} Nd3 {[%emt 0:00:45]} 17. a4 {[%emt 0:03:44]} h6 {[%emt 0:03:30]} 18. Be3 {[%emt 0:01:46]} Kb8 {[%emt 0:05:31]} 19. Kf1 {[%emt 0:03:40]} Be7 {[%emt 0:01:57]} 20. Ke2 {[%emt 0:02:45]} Rhd8 {[%emt 0:00:13]} 21. Ne1 {[%emt 0:01:20]} Ncxe5 {[%emt 0:08:01]} 22. Nxe5 {[%emt 0:01:46]} Nxe5 {[%emt 0:00:11]} 23. Rxd5 {[%emt 0:02:47]} Rxd5 {[%emt 0:00:23]} 24. Rd1 {[%emt 0:00:17]} Rxd1 {[%emt 0:02:21]} 25. Kxd1 {[%emt 0:00:01]} g5 {[%emt 0:03:08]} 26. h3 {[%emt 0:01:03]} a6 {[%emt 0:03:46]} 27. b3 {[%emt 0:00:26]} Kc7 {[%emt 0:01:30]} 28. f4 {[%emt 0:00:40]} Ng6 {[%emt 0:00:56]} 29. Nd3 {[%emt 0:01:01]} Kc6 {[%emt 0:01:30]} 30. g4 {[%emt 0:05:15]} Kd5 {[%emt 0:00:47]} 31. Ke2 {[%emt 0:01:02]} f6 {[%emt 0:01:15]} 32. fxg5 {[%emt 0:02:25]} hxg5 {[%emt 0:00:21]} 33. Nb2 {[%emt 0:00:45]} Bc5 {[%emt 0:02:03]} 34. Bd2 {[%emt 0:00:35]} Ke4 {[%emt 0:00:38]} 35. Nd3 {[%emt 0:00:44]} Bd4 {[%emt 0:00:22]} 36. b4 {[%emt 0:00:01]} b5 {[%emt 0:01:35]} 37. axb5 {[%emt 0:03:11]} axb5 $2 {[%emt 0:00:05]} 38. Bc1 {[%emt 0:00:56]} Ne7 {[%emt 0:03:17]} 39. Bd2 {[%emt 0:01:47]} Ng6 {[%emt 0:02:48]} (39... e5 $19 40. Be1 Ng6 41. Nf2+ Kd5) 40. Bc1 {[%emt 0:00:50]} Ne5 {[%emt 0:02:55]} 41. Ne1 {[%emt 0:31:00]} Bc3 {[%emt 0:30:39]} 42. Nc2 $1 {[%emt 0:00:09]} Nc4 {[%emt 0:00:00]} 43. Ba3 {[%emt 0:00:00]} Be5 {[%emt 0:00:00]} 44. Bc1 {[%emt 0:00:00]} Bc3 {[%emt 0:00:00]} 45. Ba3 {[%emt 0:00:00]} Ne5 {[%emt 0:00:00]} 46. Bc1 {[%emt 0:00:00]} Nc6 {[%emt 0:00:00]} 47. Be3 $19 {[%emt 0:00:00]} Bxb4 0-1

[Event "LTU-chT 2019"]
[Site "Lithuania"]
[Date "2019.03.30"]
[Round "3.1"]
[White "Khalifman, Alexander"]
[Black "Laurusas, Tomas"]
[Result "1/2-1/2"]
[WhiteElo "2617"]
[BlackElo "2495"]
[Annotator "TA"]
[PlyCount "37"]
[EventDate "2019.01.26"]
[EventType "team-tourn"]
[EventCountry "LTU"]
[SourceTitle "playchess.com"]
[Source "ChessBase"]
[SourceQuality "1"]

{[%evp 9,37,2,37,13,64,45,62,52,57,27,66,33,44,44,50,40,57,24,50,46,47,30,44,0,8,2,0,0,0,-16]} 1. d4 d5 2. c4 c6 3. Nf3 Nf6 4. Nc3 a6 5. g3 Bf5 6. Nh4 {D15: Slav Defence: 4 Nc3 a6 and gambit lines after 4 Nc3 dxc4} Bg6 (6... Bc8 $11) 7. Nxg6 hxg6 8. Bg2 {White is slightly better.} e6 9. O-O Nbd7 10. e3 $146 ({Predecessor:} 10. Qb3 Qb6 11. Bf4 Be7 12. Qxb6 Nxb6 13. c5 {½-½ (33) Salem,A (2660)-Kamsky,G (2666) St Petersburg 2018}) 10... Be7 11. b3 O-O 12. Qc2 b5 13. Nb1 bxc4 14. bxc4 c5 15. cxd5 Nxd5 16. Bb2 Rc8 {Strongly threatening ...cxd4.The position is equal.} 17. Qe2 N7b6 18. dxc5 Na4 $1 {[%cal Ra4b2]} 19. Bxd5 {Accuracy: White = 29%, Black = 50%.} 1/2-1/2